Like A Simile Quiz Stats

Quiz Updated Mar 21, 2015

Challenge
Share
Tweet
Score 0/30 Timer 06:00
0 Plays Today
% Correct
Like father,
97.2%
There's no place
96.3%
I know this road
95.9%
It fits
95%
We were crammed in
94.2%
He's starting to sound
94.2%
They were fighting
93.9%
There's no time
93.9%
He sticks out
93.8%
It cuts
93.7%
He slept
93.2%
He was sweating
92.1%
I was avoiding him
92%
He drinks
91.7%
Take it
91.6%
% Correct
Life is
91.3%
He sang
91.1%
Your boy is growing
88.7%
You and I are
88.6%
He was out
88.6%
He ran
88.1%
He was built
86.9%
I need that
84.2%
He took off
78.5%
His idea went over
77.7%
He was all over his opponent
76.7%
He made out
75.3%
He has a mind
71.9%
You lie
70.8%
He folded
70.4%

You're not logged in!

Compare scores with friends on all Sporcle quizzes.
Join for Free
OR
Log In

You Might Also Like...

Show Comments

Extras

Top Quizzes Today


Score Distribution

Your Account Isn't Verified!

In order to create a playlist on Sporcle, you need to verify the email address you used during registration. Go to your Sporcle Settings to finish the process.

Report this User

Report this user for behavior that violates our Community Guidelines.

Details: